Biggest Cities in Canada A-Z - Statistics

General Stats
  • This quiz has been taken 196 times
    140 since last reset
  • The average score is 16 of 26
Answer Stats
Province Population City % Correct
E Alberta 1,062,643 Edmonton
97%
T Ontario 5,429,524 Toronto
97%
V British Columbia 2,264,823 Vancouver
96%
C Alberta 1,237,656 Calgary
95%
Q Quebec 705,103 Quebec City
95%
M Quebec 3,519,595 Montreal
94%
W Manitoba 711,925 Winnipeg
92%
O Ontario/Quebec 989,657 Ottawa-Gatineau
91%
S Saskatchewan 245,181 Saskatoon
90%
R Saskatchewan 214,631 Regina
89%
Y Northwest Territories 18,884 Yellowknife
88%
H Ontario 693,645 Hamilton
80%
L Ontario 383,437 London
75%
K Ontario 470,015 Kitchener
64%
N British Columbia 92,004 Nanaimo
60%
A British Columbia 121,279 Abbotsford
59%
G Ontario 132,397 Guelph
50%
B Ontario 145,614 Barrie
49%
F Alberta 66,573 Fort McMurray
41%
P Ontario 82,094 Peterborough
41%
D Quebec 68,601 Drummondville
39%
J Quebec 45,508 Joliette
23%
I Ontario 23,992 Innisfil
14%
U None None None
9%
X None None None
9%
Z None None None
9%
No matching quizzes found
Score Distribution
Percent of People with Each Score
Percentile by Number Answered
Your Score History
You have not taken this quiz since the last reset